Informačné technológie vo vzdelávaní : Záverečná práca

Uložené v:
Podrobná bibliografia
Hlavný autor: Slúka, Ján (Autor)
Médium: Rukopis Kniha
Jazyk:Slovak
Vydavateľské údaje: Trnava : STU v Bratislave MtF KIPP, 2002
Predmet:
Tagy: Pridať tag
Žiadne tagy, Buďte prvý, kto otaguje tento záznam!

MARC

LEADER 00000ntm a22000003a 4500
001 stu79326
005 20160719154937.3
008 030226s2002----xo------------------slo-d
040 |a STU  |b slo 
041 0 |a slo 
044 |a xo 
100 1 |a Slúka, Ján  |4 aut 
245 1 |a Informačné technológie vo vzdelávaní :  |b Záverečná práca 
260 |a Trnava :  |b STU v Bratislave MtF KIPP,  |c 2002 
300 |a 36 s 
650 7 |a informačné technológie  |2 stusub 
650 7 |a vzdelávanie  |2 stusub 
650 7 |a inžinierska pedagogika  |2 stusub 
996 |b 284M061193  |c M*ZP-93  |l MMSKP  |s P  |a 0  |w stu79326_0001